000 00545nam a2200193Ia 4500
005 20250508164848.0
008 008 250505s9999 xx 000 0 eng d
037 _aDissertations
040 _aFEDL
_beng
_cFEDL
041 _aeng
_2eng
084 _a150, CHH/DI
_qFEDL
100 _aChhikara Aradhana
_9779354
245 0 _aRevisiting psychology : A multilevel analysis
260 _c2006
300 _a102p.
546 _aM.Ed. Dissertation, (Delhi University)
942 _cDIS
_h150, CHH/DI
999 _c1391651
_d1391651